Policajti na bicykloch

Bibliographic Details
Format: Article
Language:Slovak
PhysicalDescription:Fotogr.
ISSN:1335-4655
Subjects:

MARC

LEADER 00000nab a2200000 ar4500
001 vtls009348899
003 SK-MaSNL
005 20260303055259.0
008 081016c20080811xo mr|p|||||||000 b|slo
038 |a SNSK 
040 |b slo  |c SNSK  |e AACR2 
041 |a slo 
044 |a xo  |c SK 
080 |a 351.74  |x (437.671)+623.437.1  |2 2001 
080 |a 623.437.1  |2 2001 
245 0 0 |a Policajti na bicykloch  |c [autor](hkl) 
300 |b Fotogr. 
610 1 7 |a Košice (Slovensko).  |b Mestská polícia  |2 snsk  |9 85955 
650 0 7 |a bicykle  |2 snsk  |9 50983 
651 7 |a Košice (Slovensko)  |2 snsk  |9 18694 
773 0 |t Nový Čas  |g Roč. 18, č. 186 (11.8.2008), s. 11  |x 1335-4655 
852 |a SNSK  |b KIS3GCP 
999 |c 1726721  |d 1728651